MARC

LEADER 00000nam0a2200000 4500
001 251888
005 20231101232710.0
035 |a (RuTPU)RU\TPU\book\274200 
090 |a 251888 
100 |a 20140225d1976 m y0rusy50 ca 
101 0 |a rus 
102 |a RU 
105 |a a z 001zy 
200 1 |a Основы аналитической механики  |e учебное пособие  |f В. В. Добронравов 
210 |a Москва  |c Высшая школа  |d 1976 
215 |a 264 с.  |c ил. 
320 |a Библиогр.: с. 260. 
606 1 |a Аналитическая механика  |2 stltpush  |3 (RuTPU)RU\TPU\subj\28994  |9 52413 
610 1 |a кинематические связи 
610 1 |a классификация 
610 1 |a неголономные связи 
610 1 |a уравнения Лагранжа 
610 1 |a структура 
610 1 |a уравнения Нильсена 
610 1 |a уравнения Гамильтона 
610 1 |a теорема Пуассона 
610 1 |a применение 
610 1 |a теорема Гамильтона-Якоби 
610 1 |a переменные 
610 1 |a функции 
610 1 |a интегралы 
610 1 |a вариации 
610 1 |a вариационные принципы 
610 1 |a канонические преобразования 
610 1 |a интегрирование 
610 1 |a неголономные системы 
610 1 |a теорема Нетер 
610 1 |a вывод 
610 1 |a инварианты 
610 1 |a реономные системы 
610 1 |a дифференциальные формы 
610 1 |a учебные пособия 
675 |a 531.01(075.8)  |v 3 
700 1 |a Добронравов  |b В. В.  |g Владимир Васильевич 
801 1 |a RU  |b 63413507  |c 20140225 
801 2 |a RU  |b 63413507  |c 20210126  |g RCR 
942 |c BK